| 000 | 00459nam a2200181Ia 4500 | ||
|---|---|---|---|
| 005 | 20250603145950.0 | ||
| 008 | 250603s9999 xx 000 0 und d | ||
| 020 | _a9788122431391 | ||
| 050 | _aQC 311.2 .H33/ | ||
| 100 | _aHaddad, Wassim M. | ||
| 245 | 0 | _aThermodynamics : A dynamical systems approach | |
| 260 | _aNew Delhi | ||
| 260 | _bNew Age International (P) Limited | ||
| 260 | _c2010 | ||
| 300 | _a187 p | ||
| 650 | _aNew Delhi | ||
| 942 | _cBK | ||
| 999 |
_c43374 _d43374 |
||